000 00642nam a22001817a 4500
999 _c61851
_d61851
005 20240529113850.0
008 240529s2007 enk||||| |||| 00| 0 e d
020 _a9780521709361x
041 _aeng
080 _a616.053.2 P-36
245 _aPediatrics /
_cEdited by Howard Bauchner, Robert Vinci, Melanie Kim.
264 _aCambridge :
_b‎Cambridge University Press,
_c2007.
300 _a512 p.;
_b18 cm.
700 _aBauchner, Howard
_eრედაქტორი
_922214
700 _aVinci, Robert
_eრედაქტორი
_922215
700 _aKim, Melanie
_eრედაქტორი
_922216
942 _2udc
_cᲬᲘᲒᲜᲘ